Biggest cities in France - Statistics

General Stats
  • This quiz has been taken 42 times
  • The average score is 12 of 15
Answer Stats
Population Region City % Correct
870,731 Provence-Alpes-Côte d'Azur Marseille
100%
2,165,423 Île-de-France Paris
100%
522,969 Auvergne-Rhône-Alpes Lyon
95%
234,475 Hauts-de-France Lille
93%
342,669 Provence-Alpes-Côte d'Azur Nice
93%
287,228 Grand Est Strasbourg
90%
260,958 Nouvelle-Aquitaine Bordeaux
88%
318,808 Pays de la Loire Nantes
85%
493,465 Occitanie Toulouse
85%
295,542 Occitanie Montpellier
76%
220,488 Britanny Rennes
71%
181,194 Grand Est Reims
63%
173,821 Auvergne-Rhône-Alpes Saint-Étienne
63%
178,745 Provence-Alpes-Côte d'Azur Toulon
61%
168,290 Normandy Le Havre
59%
No matching quizzes found
Score Distribution
Percent of People with Each Score
Percentile by Number Answered
Your Score History
You have not taken this quiz